000
00305nam a22001217a 4500
008
230629b xxu||||| |||| 00| 0 eng d
020
_a
0406641668
082
_2
4
_a
346.42
_b
PET 1979
245
_a
Equity and the Law of Trusts
260
_b
Butterworth Co.
_c
1979
300
_a
LVIII,593p
942
_2
ddc
_c
BK
999
_c
3133
_d
3133